Zhodnotenie zmien podnikateľských štruktúr v agrárnom sektore na Slovensku

Analýza štruktúry podnikateľských subjektov a poukázanie na dosahovanie výsledkov hospodárenia na ich situáciu v medzivojnovom období. Sociálne zloženie obyvateľstva a veľkosť podnikov v medzivojnovom období. Priemerná veľkosť hospodárstiev na Slovensku v roku 1930 a 1940. Štruktúra výroby v slovens...

Description complète

Enregistré dans:
Détails bibliographiques
Auteur principal: Šúbertová, Elena
Format: Chapitre de livre
Langue:slovaque
Sujets:
Tags: Ajouter un tag
Pas de tags, Soyez le premier à ajouter un tag!

MARC

LEADER 00000naa$a2200000$$$4500
001 0091433
005 20240502083232.4
041 0 |a slo 
044 |a CZ 
245 1 0 |a Zhodnotenie zmien podnikateľských štruktúr v agrárnom sektore na Slovensku  |c Elena Šúbertová 
520 |a Analýza štruktúry podnikateľských subjektov a poukázanie na dosahovanie výsledkov hospodárenia na ich situáciu v medzivojnovom období. Sociálne zloženie obyvateľstva a veľkosť podnikov v medzivojnovom období. Priemerná veľkosť hospodárstiev na Slovensku v roku 1930 a 1940. Štruktúra výroby v slovenskom poľnohospodárstve v medzivojnovom období. 
610 2 0 |a podnikatelia 
610 2 0 |a podnik 
610 2 0 |a poľnohospodárstvo 
610 2 0 |a výroba rastlinná 
610 2 0 |a výroba živočíšna 
100 1 |a Šúbertová, Elena